Quizzes
Events
Quiz Creation
Community
Videos
Private Events
Remove Ads
Sign In
Join for FREE
Feedback
Dark Mode
Quiz Categories
Sports
Geography
Music
Movies
Television
Just For Fun
Miscellaneous
History
Literature
Language
Science
Gaming
Entertainment
Religion
Holiday
For Kids
Quiz Lab
Recent
Popular Today
Quiz Kudos Today
Editor Picks
Curator Picks
Quizzes by...
Day
Popularity
Type
Ratings
Length
Year
Community
Subscriptions
Recent Discussions
Orange Saloon
Badges
Playlists
Quests
Create
Leaderboards
Showdown
Live 5
Trivia Bingo
Activity
Puzzle Library
Sporcle Events
Private Events
Virtual Trivia
Globe League
Become a Host
Pub Owners
SporcleCon
Opinionation
Our Games
Videos
Blog
Mobile Apps
Partnerships
Remove Ads and Go Orange
Feedback
Religion
Mythology
Religious Music
World Religions
Bible
Christianity
Catholicism
Judaism
Church
Scripture
Islam
Verse
Religion
Mythology
Religious Music
World Religions
Bible
Christianity
Catholicism
Judaism
Church
Scripture
Islam
Verse
Random Quiz
Search Sporcle
×
Quiz Lab
Quiz Lab
Religion
Verse
Type in answers that appear in a list
Type in answers that appear in a list
Classic
Best Score? Go Orange.
The Holy Spirit mentioned in the New Testament (NIV) Stats
Can you recite the verses about The Holy Spirit mentioned in the New Testament (NIV)?
By
Taxmanjs
10m
241 Questions
41 Plays
41 Plays
41 Plays
Comments
Comments
Give Quiz Kudos
Give Quiz Kudos
-
- Ratings
hide this ad
Replay
Link that replays current quiz
Next Quiz
Link to next quiz in quiz playlist
You Got
0%
They Got
Avg Score
53%
Avg Friend Score
Upgrade to see
Score Distribution
Jump to the score distribution portion of the page
Score
0/241
Timer
10:00
0
Plays Today
Hint
Answer
% Correct
the
92.7%
the
92.7%
the
92.7%
the
92.7%
the
92.7%
the
92.7%
the
92.7%
the
92.7%
the
92.7%
the
92.7%
the
92.7%
the
92.7%
the
92.7%
the
92.7%
the
92.7%
the
92.7%
the
92.7%
the
92.7%
the
92.7%
the
92.7%
the
92.7%
the
92.7%
the
92.7%
a
82.9%
a
82.9%
a
82.9%
Spirit
80.5%
Spirit
80.5%
Spirit
80.5%
Spirit
80.5%
Spirit
80.5%
Spirit
80.5%
Spirit
80.5%
Spirit
80.5%
spirit
80.5%
spirit
80.5%
spirit
80.5%
he
78%
Romans 8:26
In
75.6%
in
75.6%
in
75.6%
is
75.6%
is
75.6%
in
75.6%
in
75.6%
is
75.6%
is
75.6%
in
75.6%
is
75.6%
is
75.6%
is
75.6%
is
75.6%
is
75.6%
in
75.6%
is
75.6%
in
75.6%
is
75.6%
is
75.6%
in
75.6%
We
73.2%
we
73.2%
who
73.2%
who
73.2%
you
73.2%
you
73.2%
you
73.2%
Ephesians 1:14
who
73.2%
who
73.2%
on
73.2%
you
73.2%
you
73.2%
Ephesians 4:4
You
73.2%
who
73.2%
you
73.2%
who
73.2%
to
70.7%
for
70.7%
for
70.7%
of
70.7%
for
70.7%
God
70.7%
Hint
Answer
% Correct
for
70.7%
to
70.7%
of
70.7%
of
70.7%
of
70.7%
to
70.7%
of
70.7%
to
70.7%
of
70.7%
God
70.7%
God
70.7%
God
70.7%
of
70.7%
God
70.7%
Acts 8:27
And
68.3%
and
68.3%
Ephesians 1:13
And
68.3%
Holy
68.3%
and
68.3%
and
68.3%
be
63.4%
Jesus
63.4%
Jesus
63.4%
not
61%
not
61%
not
61%
not
61%
what
58.5%
that
58.5%
what
58.5%
that
58.5%
that
58.5%
that
58.5%
us
56.1%
do
56.1%
us
56.1%
us
56.1%
come
56.1%
Christ
56.1%
your
56.1%
him
56.1%
are
56.1%
Ephesians 5:18
Do
56.1%
Christ
56.1%
come
56.1%
are
56.1%
our
53.7%
know
53.7%
with
53.7%
our
53.7%
with
53.7%
it
53.7%
has
53.7%
this
53.7%
has
53.7%
with
53.7%
our
53.7%
with
53.7%
1 John 4:2
This
53.7%
has
53.7%
from
53.7%
from
53.7%
This
53.7%
from
53.7%
will
51.2%
his
48.8%
can
48.8%
have
48.8%
have
48.8%
as
43.9%
were
43.9%
were
43.9%
which
43.9%
how
43.9%
which
43.9%
pray
41.5%
but
41.5%
Ephesians 4:3
but
41.5%
does
41.5%
them
41.5%
world
39%
Hint
Answer
% Correct
one
39%
one
39%
world
39%
intercedes
36.6%
intercedes
36.6%
those
36.6%
flesh
36.6%
way
34.1%
himself
34.1%
because
34.1%
because
34.1%
ought
31.7%
groans
31.7%
hearts
31.7%
knows
31.7%
saints
29.3%
saints
29.3%
God's
29.3%
God's
29.3%
Every
29.3%
every
29.3%
same
26.8%
weakness
26.8%
when
26.8%
word
26.8%
than
26.8%
helps
24.4%
2 Corinthians 5:5
Now
24.4%
very
24.4%
given
24.4%
now
24.4%
words
22%
mind
22%
recognize
22%
acknowledge
22%
antichrist
22%
searches
19.5%
made
19.5%
salvation
19.5%
redemption
19.5%
filled
19.5%
cannot
17.1%
also
17.1%
heard
17.1%
truth
17.1%
believed
17.1%
leads
17.1%
heard
17.1%
children
17.1%
overcome
17.1%
greater
17.1%
accordance
14.6%
get
14.6%
acknowledges
14.6%
coming
14.6%
even
14.6%
express
12.2%
purpose
12.2%
deposit
12.2%
Having
12.2%
seal
12.2%
deposit
12.2%
praise
12.2%
glory
12.2%
drunk
12.2%
wine
12.2%
debauchery
12.2%
Instead
12.2%
guaranteeing
9.8%
guaranteeing
9.8%
inheritance
9.8%
already
9.8%
gospel
7.3%
promised
7.3%
until
7.3%
possession
7.3%
dear
7.3%
included
4.9%
marked
4.9%
Quiz Playlist
Details
Report
Send in Message
Add To Playlist
Classic:
Type in answers that appear in a list
Last Updated: May 26, 2017
Quiz Scoreboard
CHALLENGE
Sign Up to Join the Scoreboard
Show All
Scores
Hide
Comments
May contain spoilers
Recently Published
College Basketball Coaching Resumes
by pancakes188
Sports
9m
Billboard Blitz: Fleetwood Mac
by CooCooCachoo
Music
15s
Presidents Visiting Landmarks
by Hejman
History
7m
More to Explore
Quiz From the Vault
Featured Blog Post
Where Did the Easter Bunny Come From?
hide this ad
You Might Also Like...
Tags
Verse Quiz
Holy
New Testament
NIV
recite
spirit
Testament
Today's Top Quizzes in Religion
Browse Religion
hide this ad
Today's Top Quizzes in Verse
Browse Verse
Top Contributed Quizzes in Religion
1
5-to-1: Children of Gods
2
5-to-1: European Churches
3
One Thing in Common: Mythology
4
One Thing in Common: Mythology II
5
10 to 1: Islam
6
Prime Time: Religion
7
One Thing in Common: Religion
8
Order Up: Seven Last Words of Christ
9
Mythological Creature Bunker
10
One Thing in Common: Religion and Mythology
Explore More
Trending Topics
Anime
Harry Potter
NBA
Marvel
Crossword
Kpop
Disney
Song
WWE
Pokémon
Country
Puzzle
Soccer
The Office
NFL
hide this ad
More By:
Taxmanjs
Quiz
Plays
Rating
Category
Featured
Created
Multiple US Open (Golf) Winners
25,609
4.36
Sports
Apr 2, 2015
Championship MVPs During the 1980s
12,122
4.43
Sports
Jul 25, 2021
Rock Musicians names Bob, Robbie or Robert
1,944
3.63
Music
Mar 26, 2020
Renamed in the Bible
1,305
4.71
Religion
Dec 16, 2019
Active home run & hits leaders going into 2018
1,133
2.75
Sports
Feb 23, 2018
Go to Creator's Profile
Score Distribution
Quiz Creator Spotlight
Taxmanjs
Follow
Send a Message
Quizzes Created
-
Created Quiz Play Count
-
More By This Creator
Popular Quizzes Today
1
Find the US States - No Outlines Minefield
2
Find the Countries of Europe - No Outlines Minefield
3
The Countries of the World
4
Find the US States
5
Risky Map Clicking: Biggest States A-Z
6
US States
7
Popular People in 1961
8
Movies - When Are They Set?
More Religion Quizzes
Bullseye Blitz: Religion!
Published
Trending Quizzes
Risky Map Clicking: Least Populous States A-Z
1-10 Letter G Words
1-10 Letter F Words
Risky Map Clicking: Next State Alphabetically
Risky Map Clicking: Biggest States A-Z
Recently Updated
Leaping Animals
pecheneg
Reality TV Shows (A-Z)
bhenderson79
Rickey Henderson's Hall of Fame Teammates
pecheneg
Champions League XIs: Arsenal
pecheneg
Quick Pick: Celebrities in WWE's Hall of Fame
aduchscher
A-Z Keypad Blitz II
pecheneg
Multiple Oscar Actors
pecheneg
Mystery Phrase Blitz: Oscar 'Best Actors'
pecheneg
F. Scott Fitzgerald Novels
LTH
Pick 3 Villains
ddd62291
Trending Topics
NBA
Anime
Disney
Harry Potter
Kpop
Crossword
Marvel
The Office
Pokémon
Song
Soccer
WWE
Puzzle
NFL
Country
Your Account Isn't Verified!
In order to create a playlist on Sporcle, you need to verify the email address you used during registration. Go to your
Sporcle Settings
to finish the process.
Report this User
Report this user for behavior that violates our
Community Guidelines
.
Details:
Send Report
Go to the Sporcle.com Mobile Site →
Comments